000 00653nam a22002057a 4500
005 20260422145724.0
008 260422s2017 |||||||| |||| 00| 0 urd d
020 _a9789694074542
040 _cPK-LaUMT
082 _a954.035092
_bMAL-M
100 1 _aMalgonkar, Manohar
_911224
245 1 0 _aمہاتما گاندھی کے قاتل /
_cمنوہر مالگونکر ؛ مترجم، اعجاز ابنِ اسد
246 _aMahatma Gandhi ke qatil
246 _aMhatma Gandhi kay qatil / Manohar Malgonkar
260 _aKarachi :
_bRoyal Book Company,
_c2017
300 _a247 p.
546 _aUrdu
700 0 _aIjaz Ibn Asad
_911225
942 _cBK
999 _c140586
_d140586